Tootle / (Record no. 1149)
[ view plain ]
| 000 -LEADER | |
|---|---|
| fixed length control field | 00844cam a22002293u 4500 |
| 005 - DATE AND TIME OF LATEST TRANSACTION | |
| control field | 20251023093853.0 |
| 040 ## - CATALOGING SOURCE | |
| Original cataloging agency | DLC |
| Language of cataloging | eng |
| Transcribing agency | CarP |
| Modifying agency | DLC |
| 050 00 - LIBRARY OF CONGRESS CALL NUMBER | |
| Classification number | PZ7.C8466 |
| Item number | To |
| 100 1# - MAIN ENTRY--PERSONAL NAME | |
| Personal name | Crampton, Gertrude, |
| Dates associated with a name | 1909-1996. |
| 245 10 - TITLE STATEMENT | |
| Title | Tootle / |
| Statement of responsibility, etc. | story by Gertrude Crampton; pictures by Tibor Gergely. |
| 260 ## - PUBLICATION, DISTRIBUTION, ETC. | |
| Place of publication, distribution, etc. | New York : |
| Name of publisher, distributor, etc. | Simon and Schuster, |
| Date of publication, distribution, etc. | 1945. |
| 300 ## - PHYSICAL DESCRIPTION | |
| Extent | [42] p. : |
| Other physical details | illustrations. (part col.) ; |
| Dimensions | 21 cm. |
| 490 1# - SERIES STATEMENT | |
| Series statement | Little golden library, |
| Volume/sequential designation | 21 |
| 505 ## - FORMATTED CONTENTS NOTE | |
| Formatted contents note | G <br/> |
| 520 ## - SUMMARY, ETC. | |
| Summary, etc. | Tootle, a young train in training, begins leaving the tracks to cavort in the meadow until engineer Bill figures out a way to lure him back. |
| 521 ## - TARGET AUDIENCE NOTE | |
| Target audience note | 370 <br/> |
| Source | Lexile <br/> |
| 521 ## - TARGET AUDIENCE NOTE | |
| Target audience note | G <br/> |
| Source | Raz-Plus <br/> |
| 700 1# - ADDED ENTRY--PERSONAL NAME | |
| Personal name | Gergely, Tibor, |
| Dates associated with a name | 1900-1978, |
| Relator term | illustrator. |
| 906 ## - LOCAL DATA ELEMENT F, LDF (RLIN) | |
| a | 7 |
| b | cbc |
| c | premunv |
| d | u |
| e | ncip |
| f | 19 |
| g | y-gencatlg |
| 942 ## - ADDED ENTRY ELEMENTS (KOHA) | |
| Source of classification or shelving scheme | Dewey Decimal Classification |
| Koha item type | Books |
| Suppress in OPAC | No |
| 999 ## - | |
| -- | 1149 |
| -- | 1149 |
| Withdrawn status | Lost status | Source of classification or shelving scheme | Damaged status | Not for loan | Collection | Home library | Current library | Shelving location | Date acquired | Total Checkouts | Full call number | Barcode | Date last seen | Date last checked out | Copy number | Price effective from | Koha item type |
|---|---|---|---|---|---|---|---|---|---|---|---|---|---|---|---|---|---|
| Dewey Decimal Classification | Juvenile Fiction | Footprints International School Library Network Toul Tom Poung Campus | Footprints International School Library Network Toul Tom Poung Campus | TTP Primary Green Bookshelves | 10/23/2025 | 1 | CRA Fic PZ7.C8466 | FISBK00184 | 12/02/2025 | 12/02/2025 | 1 | 10/23/2025 | Books |
